La cita real : (Record no. 195061)

MARC details
000 -LEADER
campo de control de longitud fija 01492nam a2200325 i 4500
001 - NÚMERO DE CONTROL
campo de control 195061
003 - IDENTIFICADOR DE NÚMERO DE CONTROL
campo de control ES-MaACL
005 - FECHA Y HORA DE LA ÚLTIMA TRANSACCIÓN
campo de control 20250831121529.0
008 - DATOS DE LONGITUD FIJA--INFORMACIÓN GENERAL
campo de control de longitud fija 240527b sp ||||| |||| 00| 0 spa d
020 ## - NÚMERO INTERNACIONAL ESTÁNDAR DEL LIBRO
Número Internacional Estándar del Libro 9788412854114
040 ## - FUENTE DE CATALOGACIÓN
Lengua de catalogación spa
Centro/agencia transcriptor ES-MaACL
100 ## - ENTRADA PRINCIPAL--NOMBRE DE PERSONA
Nombre de persona Gamero Contín, Heberto,
Fechas asociadas al nombre 1952-
9 (RLIN) 236682
Término indicativo de función/relación Autor
245 ## - MENCIÓN DEL TÍTULO
Título La cita real :
Resto del título José Heriberto García de Quevedo, un poeta olvidado /
Mención de responsabilidad, etc. Heberto Gamero Contín
250 ## - MENCION DE EDICION
Mención de edición Primera edición
260 ## - PUBLICACIÓN, DISTRIBUCIÓN, ETC.
Lugar de publicación, distribución, etc. Alcobendas (Madrid) :
Nombre del editor, distribuidor, etc. Kálathos ediciones,
Fecha de publicación, distribución, etc. [2024]
300 ## - DESCRIPCIÓN FÍSICA
Extensión 199 páginas ;
Dimensiones 22 cm
336 ## - TIPO DE CONTENIDO
Fuente rdacontent
Término de tipo de contenido texto
337 ## - TIPO DE MEDIO
Fuente rdamedia
Nombre/término del tipo de medio sin mediación
338 ## - TIPO DE SOPORTE
Fuente rdacarrier
Nombre/término del tipo de soporte volumen
520 ## - RESUMEN, ETC.
Sumario, etc. Basada en hechos reales, La Cita Real narra los últimos días del poeta, su incondicional apoyo a la monarquía, su amistad con la reina de España y la ilusión de un último encuentro con su majestad.
600 14 - PUNTO DE ACCESO ADICIONAL DE MATERIA--NOMBRE DE PERSONA
Nombre de persona García de Quevedo, José Heriberto,
Fechas asociadas al nombre 1819-1871
9 (RLIN) 54492
655 #7 - TERMINO DE INDIZACIÓN--GENERO/FORMA
Fuente del término tgfbne
9 (RLIN) 234409
Datos o término principal de género/forma Novelas biográficas
852 ## - LOCALIZACIÓN
Ubicación ES-MaACL
Ubicación en estantería Depósito J
Número de control de estantería N-9958
Anotaciones manuscritas Dedicatoria autógrafa del autor
Donativo/Legado Donación: Heberto Gamero Contín
Encuadernación Encuadernación rústica con solapas
itemnumber 205868
903 ## - NOMBRE PERSONAL DE DONANTE
9 236682
a Gamero Contín, Heberto,
d 1952-
e Donante
942 ## - ELEMENTOS DE ENTRADA SECUNDARIOS (KOHA)
Tipo de ítem Koha Libro impreso
Suprimir en OPAC No
Holdings
Estatus retirado Estado de pérdida Fuente del sistema de clasificación o colocación Estado de daño No para préstamo Colección Biblioteca de origen Biblioteca actual Ubicación en estantería Fecha de adquisición Fuente de adquisición Total de préstamos Signatura topográfica completa Código de barras Visto por última vez Precio de reemplazo Tipo de ítem Koha
    Clasificación decimal universal     Libros con dedicatorias Biblioteca del Ateneo de Madrid Biblioteca del Ateneo de Madrid Depósito J 27/05/2025 Donación   N-9958 101230205 27/05/2025 27/05/2025 Libro impreso